Architecture Of Shivdatt Sharma (Record no. 14990)

MARC details
000 -LEADER
fixed length control field 00464nam a2200169Ia 4500
008 - FIXED-LENGTH DATA ELEMENTS--GENERAL INFORMATION
fixed length control field 220803s9999 xx 000 0 und d
020 ## - INTERNATIONAL STANDARD BOOK NUMBER
International Standard Book Number 978-1-935677-22-2
041 ## - LANGUAGE CODE
Language code of text/sound track or separate title eng
082 ## - DEWEY DECIMAL CLASSIFICATION NUMBER
Classification number 720.92 PRA/DOS
100 ## - MAIN ENTRY--PERSONAL NAME
Personal name Prakash Vikramaditya
9 (RLIN) 23442
245 ## - TITLE STATEMENT
Title Architecture Of Shivdatt Sharma
260 ## - PUBLICATION, DISTRIBUTION, ETC. (IMPRINT)
Place of publication, distribution, etc. Ahmedabad
Name of publisher, distributor, etc. Mapin Publishing
Date of publication, distribution, etc. 2012
300 ## - PHYSICAL DESCRIPTION
Extent 175p
500 ## - GENERAL NOTE
Keywords Architecture
650 ## - SUBJECT ADDED ENTRY--TOPICAL TERM
Topical term or geographic name as entry element Master Architects
9 (RLIN) 23443
700 ## - ADDED ENTRY--PERSONAL NAME
Personal name Doshi B V For.
9 (RLIN) 23444
Holdings
Withdrawn status Lost status Damaged status Not for loan Collection code Home library Current library Shelving location Date acquired Vendor Cost, normal purchase price Total Checkouts Total Renewals Full call number Barcode Date last seen Date last checked out Cost, replacement price Bill Date Koha item type Original Barcode
        Book of B Arch Dr. Bhanuben Nanavati College of Architecture Dr. Bhanuben Nanavati College of Architecture   28/01/2013 Word Book Shop 1125.00 5 1 720.95 PRA/DOS BNCA-BK-8130 04/09/2025 13/08/2025 1500.00 22/01/2013 Books B008130